000 00788nam a2200241Ia 4500
001 3082
003 GE_BSU
008 181216s||||||||xx |||||||||||||| ||und||
040 _cGE_BSU
080 _a665.63(075.8)
100 _aЧерножуков,Н.И
245 _aОчистка и разделение нефтяного сырья,производство товарных нефтепродуктов.
245 _bТехнология переработки нефти и газа часть 3
245 _cПод.Ред.А.А.Гуреева,Б.И.Бондаренко
250 _aИзд 6-ое.Перераб.и доп.
260 _aМ
260 _bХимия
260 _c1978
300 _a424стр.
300 _bилл.
300 _c21см.
942 _cBK
999 _c37126
_d37126